DFL-Supercup Sieger - Statistiken

Allgemein
  • Dieses Quiz wurde 287 mal gespielt
  • Das Durchschnittsergebnis liegt bei 22 aus 23
Antwortstatistiken
Jahr Verein % Korrekt
1987 FC Bayern München
100%
1990 FC Bayern München
100%
2010 FC Bayern München
100%
2012 FC Bayern München
100%
2016 FC Bayern München
100%
2017 FC Bayern München
100%
2018 FC Bayern München
100%
2020 FC Bayern München
100%
2021 FC Bayern München
100%
2022 FC Bayern München
100%
1989 Borussia Dortmund
99%
1995 Borussia Dortmund
99%
1996 Borussia Dortmund
99%
2013 Borussia Dortmund
99%
2014 Borussia Dortmund
99%
2019 Borussia Dortmund
99%
2015 VfL Wolfsburg
92%
2011 FC Schalke 04
90%
1988 Werder Bremen
88%
1993 Werder Bremen
88%
1994 Werder Bremen
88%
1992 VfB Stuttgart
87%
1991 1.FC Kaiserslautern
75%
Keine übereinstimmenden Quizze gefunden
Verteilung der Resultate
Anzahl Personen mit jedem Resultat
Perzentil nach korrekt beantworteten Fragen
Ihre Resultats-Entwicklung
Sie haben dieses Quiz noch nicht gespielt